[Event "Bundesliga 0203"]
[Site "Germany"]
[Date "2002.12.14"]
[Round "5.2"]
[White "Fressinet, Laurent"]
[Black "Socko, Bartosz"]
[Result "1-0"]
[WhiteElo "2619"]
[BlackElo "2562"]
[Annotator "Psakhis,L"]
[PlyCount "103"]
[EventDate "2002.10.19"]
[EventType "team-tourn"]
[EventRounds "15"]
[EventCountry "GER"]
[SourceTitle "CBM 093"]
[Source "ChessBase"]
[SourceDate "2003.04.01"]
[SourceVersion "1"]
[SourceVersionDate "2003.04.01"]
[SourceQuality "1"]
[WhiteTeam "Luebeck"]
[BlackTeam "Kreuzberg"]
[WhiteTeamCountry "GER"]
[BlackTeamCountry "GER"]

1. e4 e6 2. d4 d5 3. e5 c5 4. c3 Qb6 5. Nf3 Bd7 6. a3 Nc6 7. b4 cxd4 8. cxd4
Rc8 9. Bb2 Na5 10. Nbd2 Nc4 11. Nxc4 (11. Bxc4 dxc4 12. Rc1 c3 $5 13. Rxc3 Rxc3
14. Bxc3 Qa6 15. Ne4 Bc6 $44 {0-1 Shilin,D-Golovlev,N/UKR t-ch Alushta 2002 
(29)}) 11... dxc4 12. Rc1 a5 13. Nd2 axb4 14. Nxc4 Qd8 15. a4 $5 ({White
employed a different plan in the game} 15. axb4 Bxb4+ 16. Bc3 Bxc3+ 17. Rxc3
Kf8 18. Ra3 Bc6 19. Nd6 Ra8 $11 {Peng Xiaomin-Socko (Istanbul ol 2000) but
move in text is much stronger}) 15... Bc6 {[%csl Gd5]} (15... Be7 16. d5) (
15... Nh6 $5) 16. a5 $1 Be7 $146 (16... Nh6 17. Nb6 Rb8 18. Bd3 $1 Qg5 $140 $2
19. Rxc6 $1 bxc6 (19... Qxg2 20. Rc7 Qxh1+ 21. Ke2 Qxd1+ 22. Kxd1 $18 {[%csl
Re8]}) 20. Qc2 $18) (16... Rc7 $2 17. Nd6+ $1 (17. Qb3 Qd5 18. f3 Nh6 19. Bd3 {
Fressinet-Shirov (Bordeaux 1999)}) 17... Bxd6 18. exd6 Qxd6 19. d5 $18 {
[%csl Gb2] >< Bg7}) 17. Nb6 (17. Qg4 $5) 17... Rc7 18. d5 $5 exd5 (18... Bxd5
$6 19. Rxc7 Qxc7 20. Nxd5 exd5 21. Bb5+ Kf8 22. Qxd5 $18) 19. Bd3 (19. Qg4 $5
$40 {[%csl Re8]}) 19... Bg5 (19... Nh6 20. O-O O-O 21. Bb1 $5 {[%cal Rd1d3]})
20. Rc2 Ne7 21. O-O (21. e6 $5 d4 (21... O-O 22. Be5 fxe6 23. Qg4 $16) 22.
exf7+ Kxf7 23. O-O $36) 21... Bh6 (21... Ng6 22. g3 $16 {[%cal Gf2f4]}) 22. Bd4
$1 {White played opening beyond praise and his advantage is obvious now} (22.
e6 $5) 22... O-O 23. Qb1 $1 Re8 24. f4 {Fressinet systematically improves his
position, black is unable to defend both flanks} g6 (24... Ng6 25. g3 {[%csl
Rh6]}) 25. Qxb4 Bf8 26. Qe1 Nc8 27. Qg3 $18 {White has gained total control
over the position and only needs to find a plan of breaking through} Bg7 28. f5
Nxb6 29. axb6 Rc8 30. Rcf2 Bd7 31. Rf4 {Formally Black has material parity,
but his pieces are useless and cannot safe their king} (31. Kh1 $5) 31... Rc4 (
31... Bxe5 32. fxg6 Bxd4+ 33. Rxd4 fxg6 34. Bxg6 $1) (31... Bxf5 32. Bxf5 gxf5
33. Rxf5 Re6 34. Rxf7 Rg6 35. Qf4 $18) 32. fxg6 $6 (32. Bxc4 $142 $1 dxc4 33.
e6 $1 fxe6 (33... Bxd4+ 34. Rxd4 Qxb6 35. exf7+ Kxf7 36. Qf2 $1 $18) 34. f6 $1
$18) 32... fxg6 33. Bxc4 dxc4 34. Qf3 Be6 {Suddenly Black is back in the game!
White is still winning, but he has to be very careful} 35. Qf2 Qd5 36. Bc3 Qc6
37. h3 Bh6 38. Rf3 Rd8 39. Kh2 (39. Rf7 $5) 39... Bg7 40. Re1 Rd5 41. Bb4 (41.
Ra1 $5) 41... h5 (41... h6 $5) 42. Qg3 Qe8 43. Bd6 Kh7 44. Ref1 Rb5 45. Rf8 $1
Qc6 (45... Bxf8 46. Rxf8 Qd7 47. Rf6 Qe8 $5 (47... Bf5 48. e6 $18) 48. Bf8 $1
Kg8 49. Be7 $1 $18) 46. R1f6 $5 Bxf6 47. Rxf6 Qe8 $8 48. Rf8 (48. Bf8 $1 Kg8
49. Be7 $1 Bf7 50. e6 $18) 48... Qd7 49. Qg5 Rxb6 50. Rd8 $18 {This rook had a
splendid career in this game!} Rxd6 (50... Qf7 51. Bf8 $1 $18 {[%cal Rg5h6]})
51. exd6 Qf7 52. Qe5 1-0

[Event "Bundesliga 0405"]
[Site "Germany"]
[Date "2004.12.11"]
[Round "5.6"]
[White "Schlosser, Philipp"]
[Black "Poldauf, Dirk"]
[Result "1-0"]
[WhiteElo "2570"]
[BlackElo "2418"]
[Annotator "Psakhis,L"]
[PlyCount "85"]
[EventDate "2004.11.12"]
[EventType "team-tourn"]
[EventRounds "15"]
[EventCountry "GER"]
[SourceTitle "CBM 105"]
[Source "ChessBase"]
[SourceDate "2005.04.11"]
[SourceVersion "1"]
[SourceVersionDate "2005.04.11"]
[SourceQuality "1"]
[WhiteTeam "Baden Oos"]
[BlackTeam "Neukoelln"]
[WhiteTeamCountry "GER"]
[BlackTeamCountry "GER"]

1. e4 e6 2. d4 d5 3. e5 c5 4. c3 Nc6 5. Nf3 Nge7 6. Na3 cxd4 7. cxd4 Nf5 8. Nc2
Qb6 9. Be2 Bd7 10. O-O Rc8 11. Kh1 (11. g4 Nfe7 12. Nfe1 h5 13. gxh5 Nf5 14.
Be3 Nb4 15. Nxb4 Bxb4 16. Nd3 Bf8 $146 17. Rc1 Rxc1 18. Qxc1 Nxd4 $1 19. Bg4
Qb5 $1 20. Bxd4 Qxd3 21. Qf4 a6 22. Rc1 Bc6 23. Rc3 Qe4 24. Qxe4 dxe4 $13 {
Perez,A-Medina,J/Camajuani 78/(282) 2000/ChessBase}) (11. Rb1 a5 12. g4 Nfe7
13. Nfe1 f6 14. exf6 gxf6 15. Kh1 Bg7 16. Be3 O-O 17. f4 Rce8 18. Nf3 Kh8 19.
Qe1 Nd8 20. Bd3 Bb5 21. Bxb5 Qxb5 {0-1 Mohamed,E-Dizdar,G/Dubai op 2004/ (27)})
(11. Qd3 a6 12. a4 Nb4 13. Nxb4 Bxb4 14. h4 h6 15. h5 Ne7 16. Bf4 Nc6 17. Rfc1
Ba5 18. Bd1 Ke7 19. Bg3 Qb4 20. Bh4+ Ke8 21. Ra3 Ne7 22. Rxc8+ Bxc8 23. Bxe7
Kxe7 24. Qb1 Qc4 {1/2-1/2 Sveshnikov,E-Dizdar,G/SLO t-ch Celje 2003/ (31)})
11... h5 $146 {This is a novelty, but a novelty of high quality.} (11... Nb4
12. Nxb4 Qxb4 13. a4 a5 14. Bd2 Qb6 15. g4 Ne7 16. b4 axb4 17. a5 Qc7 18. Bxb4
Ng6 19. Bd2 Be7 20. Qb3 O-O 21. Rfc1 Qb8 22. Rxc8 Bxc8 23. Rc1 f6 24. exf6 gxf6
25. a6 Qa8 26. Bh6 {Dvoirys,S-Gleizerov,E/Hoogeveen (open) 2000/ChessBase/
[Dvoirys,S]/1-0 (56)}) (11... Na5 12. g4 Ne7 13. Nfe1 Bb5 14. Nd3 h5 15. gxh5
Nf5 (15... Nac6 16. Be3 Nf5 17. Rg1 Qd8 (17... a5 18. Rc1 Qd8 (18... Ra8) 19.
Bg4 Nh6 20. Bf3 b6 21. Nf4 Ne7 22. Na3 Rxc1 23. Qxc1 Bd7 24. Be2 Nhf5 {1-0
Agrest,E-Grant,A/Port Erin Monarch Assurance 2004/ (37)}) 18. Bg4 Nxe3 19. fxe3
Ba4 20. Rc1 Qb6 21. b3 Bb5 22. Nf4 Ne7 23. Qd2 Bd7 24. Nd3 Ng8 25. Be2 Bb5 26.
a4 Bd7 27. Rb1 Qd8 28. Nf4 Bc6 29. Ne1 Bd7 30. Nf3 {Hase,M-Raidna,R/corr
Champions League Qualifier 2002/ICCF Telechess CBM 103/1-0 (49)}) 16. Be3 g6
17. hxg6 fxg6 18. Rg1 Qc7 19. Nde1 Bxe2 20. Qxe2 Qh7 21. Nf3 g5 22. Rg2 Nh4 23.
Nxh4 Rxc2 24. Qb5+ Nc6 25. Nf3 Bh6 26. Bxg5 {Grischuk,A-Gulko,B/Esbjerg 2000/
ChessBase/[Grischuk,Psakhis]/1-0 (35)}) (11... a5 12. b3 Nb4 13. Nxb4 axb4 14.
g4 Ne7 15. Be3 h5 16. g5 Nf5 17. Qd2 g6 18. Rfc1 Ra8 19. Rc2 Be7 20. h4 O-O 21.
Rac1 {1/2-1/2 Cristian,S-Rodshtein,M/Canarias en Red prel 5th blitz 2004/EXT
2005}) 12. Bd2 Nd8 (12... Be7 $5) 13. a4 $5 {Schlosser prevents light-coloured
bishops exchange.Interesting idea , but} ({simple} 13. Bc3 {also worth
considering}) 13... Qxb2 (13... h4 14. b4 $1 $36) 14. Ne3 Qb6 (14... Nxe3 15.
fxe3 $1 {[%csl Re8][%cal Gf1f8]}) 15. a5 {White is ahead in development, so
his chances are higher.} Qc7 (15... Nxe3 16. fxe3 $1 (16. axb6 Nxd1 17. bxa7
Nxf2+ $1 (17... Ra8 18. Rfxd1 Nc6 19. Rdb1 Rxa7 20. Rxa7 Nxa7 21. Rxb7 $16) 18.
Kg1 (18. Rxf2 Ra8 {[%cal Gd8c6]}) 18... Ra8 19. Kxf2 Nc6 20. Rfb1 Rxa7 21. Rxa7
Nxa7 22. Rxb7 $44) 16... Qc7 17. Bd3 {with more than enough compensation}) 16.
Nxf5 exf5 17. Qb3 (17. a6 $5) 17... Bc6 (17... Qc2 $5 18. Qxd5 Qe4 19. Qxe4
fxe4 20. Ng5 $36) 18. a6 (18. Bd3 $5 g6 19. a6) 18... b6 ({It is not easy to
find already safe lines for black. After} 18... bxa6 19. Bxa6 Rb8 20. Qc2 {
[%cal Rc2c7,Gc2f5] white's advantage is obvious.}) 19. Rfc1 {Black's position
is not very pleasant, as he is behind in development and his king is weakened.}
Be7 (19... Qd7 $143 $2 20. e6 $1 Nxe6 (20... Qxe6 21. Bb5 $1 {[%cal Rc1e1]}) (
20... fxe6 21. Ne5 $18) 21. Ne5 Nxd4 22. Qe3 $18) 20. e6 $5 {[%csl Ge5] A
principled reply - frankly speaking, it was difficult to find other fruitful
ideas.} (20. Bd3 $5) (20. Bb5 O-O 21. Rc3 $16) 20... Bf6 $1 {[%csl Ge5]} (20...
Qd6 21. Ne5) (20... fxe6 21. Ne5 O-O 22. Bb5 Qd6 23. Bf4 $18) 21. Bb5 $1 fxe6 (
21... O-O 22. Bxc6 Nxc6 23. Qxd5 g6 24. Ng5 $1 Bxg5 25. Bxg5 $18) 22. Rxc6 $1
Nxc6 23. Rc1 {[%cal Rc1c7,Ob5c6,Rb5e8] A rather picturesque position.} O-O (
23... Qd7 24. Qa4) 24. Rxc6 {After this move there is no doubt of White's
overwhelming advantage.} (24. Qa4 $5) 24... Qf7 (24... Qxc6 $142 25. Bxc6 Rxc6
26. Qb5 Rfc8 {but I think that after , for example} 27. h4 $1 {white must win
game without too many troubles.}) 25. Qc2 (25. Rd6 $5 Rfd8 26. Rxd8+ Rxd8 27.
h4 $18) 25... Rxc6 26. Qxc6 {[%csl Ga6]} Qe7 (26... Rd8 27. h4 $1) 27. Qc1 {
Stops g5, but White could continue} (27. Bf4 Rd8 28. Qb7 Qb4 29. Bf1 $18 {
and I don't believe that Black can stop pawn a6}) 27... h4 28. h3 Rd8 29. Bf4 (
29. Kg1 $5) 29... Qb4 30. Qc6 Qe7 (30... Kh8 $5) 31. Qb7 {Black's position is
hopelessly passive} Qb4 32. Bf1 (32. Bd7 $5 Qe7 (32... Kh8 33. Bxe6 Qb1+ 34.
Kh2 Qe4 35. Be5 $1 Bxe5+ 36. dxe5 Qf4+ 37. Kh1 Qc1+ 38. Ng1 $18 {[%csl Ga6,Rh8]
}) 33. Bc6) 32... Bxd4 33. Bc7 {This move is hard to explain - what is White
actually trying to gain? After simple} (33. Nxd4 $1 Qxd4 34. Qc7 Qf6 35. Be5
Qf8 36. Qxa7 $18 {[%csl Ga6,Ge5] game would not continue for a long time.})
33... Rf8 (33... Bxf2 34. Bxd8 Qb1 35. Nd2 Qd1 36. Bg5 $18) 34. Qc6 (34. Qxa7
Bxf2 $140 35. Be5) 34... Bxf2 (34... Qb1 35. Kg1 Qb2 36. Nxd4 Qxd4 37. Qxe6+
Rf7 38. Be5 Qe4 39. Kh2 $1 $18 {[%cal Gf1b5,Gb5e8]}) 35. Qxe6+ Kh8 36. Be5 {
Black can't find already good defense, white's attack is too strong.} Be3 $8
37. Bd6 (37. Qg6 $142 Qe7 38. Bd3 $18 {[%cal Gd3f5]}) 37... Qb1 (37... Qe4 38.
Qxe4 fxe4 39. Bxf8 exf3 40. Be7 $18) 38. Qxe3 {[%cal Od6f8,Cb1f1]} Qxf1+ 39.
Kh2 Rd8 (39... Rc8 40. Qe7 Rc1 41. Qxh4+ Kg8 42. Qe7 $18 {[%cal Oe7a7,Gd6e5,
Ge7f8]}) 40. Qe6 (40. Ng5 $1) 40... Qd3 (40... Qb5 41. Ng5 Qd7 42. Nf7+ Kh7 43.
Nxd8 Qxd8 44. Qxf5+) 41. Ng5 f4 42. Bxf4 $1 Rf8 43. Be5 1-0

[Event "FIDE-Wch k.o."]
[Site "Las Vegas"]
[Date "1999.08.03"]
[Round "2.1"]
[White "Movsesian, Sergei"]
[Black "Dizdar, Goran"]
[Result "1-0"]
[WhiteElo "2659"]
[BlackElo "2549"]
[Annotator "Psakhis,L"]
[PlyCount "79"]
[EventDate "1999.07.31"]
[EventType "k.o."]
[EventRounds "7"]
[EventCountry "USA"]
[SourceTitle "CBM 072"]
[Source "ChessBase"]
[SourceDate "1999.10.01"]
[SourceVersion "1"]
[SourceVersionDate "1999.10.01"]
[SourceQuality "1"]

1. e4 e6 2. d4 d5 3. e5 c5 4. c3 Nc6 5. Nf3 Bd7 6. Be2 Nge7 7. Na3 cxd4 8. cxd4
Nf5 9. Nc2 Nb4 10. O-O Nxc2 11. Qxc2 Rc8 {it is interesting to see game
between two big experts in advance variation of French defence.} (11... h5 12.
Bd2 Be7 13. Bd3 Qb6 14. Bxf5 exf5 15. Bg5 Bxg5 16. Nxg5 Qxd4 17. Rfd1 Qh4 18.
Qd2 Qc4 19. Rac1 Qb5 $13 {Sveshnikov,E-Dreev,A/St.Petersburg zt 1993 /1-0 (39)}
) (11... Qb6 12. Qd3 a6 (12... Rc8 13. g4 $5 Ne7 14. Be3 h5 15. h3 hxg4 16.
hxg4 a6 17. Rfc1 Rxc1+ 18. Rxc1 Bb5 19. Qd2 Bxe2 20. Qxe2 Nc6 $11 {1/2-1/2
Grosar,A-Drazic,S/Bratto 1997 (29)}) 13. a4 Rc8 14. Bd2 h5 15. Rfb1 Be7 16. b4
g5 $1 17. b5 g4 {0-1 Stoockalov,V-Hassan,S/Cairo 1998 (53)}) 12. Qd3 $146 ({
Deserves attention} 12. Qb3 $5 Qb6 (12... Bc6 $5) 13. Qxb6 axb6 14. Bd2 Ne7 ({
Maybe stronger was} 14... Be7 $5 15. Rfc1 O-O {with more or less equal game.})
15. Rfb1 Nc6 16. b4 Be7 17. a4 O-O 18. a5 $1 $36 {Stevic,H-Dizdar,G/Makarska
1996/1-0 (40)}) 12... a6 {[%cal Gd7b5]} 13. a4 {White must prevent 13... Bb5,
but weakened pawn structure on the queen,s side.} (13. Qb3 Bc6) 13... Bb4 $5
14. Bg5 Qb6 {I think, that black equalized game.} 15. h4 h6 16. Bf4 Be7 (16...
O-O 17. g4 Ne7 18. h5) 17. h5 Rc4 {[%csl Rd4] Beggining of interesting plan,
but Dizdar could play and} (17... O-O $5) ({or} 17... Nh4 18. Nd2 Qb4 $13) 18.
Qd1 (18. a5 Qc7 {[%cal Gd7b5]}) 18... Rb4 19. Bd2 Nxd4 $1 {Force exchanged
sacrifice promiced to black full compensation.} (19... Rxb2 $143 20. Bc3 Rxe2
21. Qxe2 Bxa4 22. Rxa4 Qb3 23. Ra2 Qxc3 24. Qb2 $5 $16) 20. Bxb4 Nxf3+ (20...
Nxe2+ $5 21. Qxe2 Qxb4) 21. Bxf3 Qxb4 22. b3 O-O $44 {[%csl Rb3,Gb4,Re5,Ge7]}
23. Qd3 Bc5 ({Not bad and} 23... Bg5 $5 {[%cal Gg5c1]}) 24. Rac1 Bd4 25. Rfe1
Bb2 26. Rb1 Rc8 27. Re2 Bd4 ({Black has nothing to worry about after} 27... Bc1
$5 28. Qd1 (28. Rc2 $2 Qe1+) 28... Bf4 29. g3 Qc3 $1 {for example} 30. Bxd5
exd5 31. gxf4 Bg4 32. Re3 Bxd1 33. Rxc3 Rxc3 34. Rxd1 Rxb3 $11) 28. Rd1 Bc3 ({
After} 28... Ba7 $5 29. Rc2 Rxc2 30. Qxc2 Bb8 {[%csl Re5] black is compleatly
OK.}) 29. Rc1 Qxb3 $2 {[%mdl 8192] Instead of this blunder, which decide
result of the game in few moves, Dizdar could play} (29... d4 $1 $44 {with
reasonable game.}) 30. Re3 d4 31. Qxd4 $1 Bxd4 32. Rxc8+ Bxc8 33. Rxb3 $18 Bxe5
34. Bxb7 Bxb7 (34... Bd7 $5 35. Rb4 a5 36. Rc4 Bf6 37. Bc6 $1 Bxc6 (37... Bc8
38. Be8 Bb7 39. Rc7 $18) 38. Rxc6 $18 {[%csl Gh5]}) 35. Rxb7 a5 36. Kf1 Kf8 37.
Ke2 g6 38. hxg6 fxg6 39. Kd3 h5 (39... Bd6 40. Kc4 Ke8 41. Kb5 Bb4 42. Rg7 $18)
40. Ra7 1-0

[Event "Corus"]
[Site "Wijk aan Zee"]
[Date "2001.01.20"]
[Round "6"]
[White "Shirov, Alexei"]
[Black "Van Wely, Loek"]
[Result "1-0"]
[WhiteElo "2718"]
[BlackElo "2700"]
[Annotator "Psakhis,L"]
[PlyCount "55"]
[EventDate "2001.01.13"]
[EventType "tourn"]
[EventRounds "13"]
[EventCountry "NED"]
[EventCategory "19"]
[SourceTitle "CBM 081"]
[Source "ChessBase"]
[SourceDate "2001.03.20"]
[SourceVersion "1"]
[SourceVersionDate "2001.03.20"]
[SourceQuality "1"]

1. e4 {Ftacnik} e6 {Van Wely lost so many games to Shirov in the Sicilian,
that correctly he decided to play a new opening} 2. d4 d5 3. e5 c5 4. c3 Nc6 5.
Nf3 Bd7 6. Be2 Nge7 7. Na3 cxd4 8. cxd4 Nf5 9. Nc2 Qb6 10. g4 (10. O-O Na5 (
10... a5 11. g4 Nfe7 12. Nh4 f6 13. exf6 gxf6 14. Be3 Nb4 15. Nxb4 axb4 16. Ng2
Ng6 17. f4 Bd6 18. f5 exf5 19. gxf5 Ne7 20. Bh5+ Kd8 {0-1 Hendriks,W-Barsov,A/
NED t-ch 2000 (38)}) 11. g4 Ne7 12. Nfe1 Bb5 13. Nd3 h5 14. gxh5 Nf5 15. Be3
Rc8 16. b3 Nc6 17. Rc1 a5 18. Qd2 Be7 19. Bg4 Qa6 20. Be2 a4 $44 {1/2-1/2
Bergstrom,R-Kiriakov,P/Port Erin op 2000/The Week in Chess 311 (44)}) 10...
Nfe7 11. O-O $146 {Brave Shirov doesn't worry too much about the pawn on g4} (
11. Rg1 Rc8 12. Rg3 Ng6 13. Kf1 Qc7 14. Bd3 Be7 15. g5 Nb4 16. Nxb4 Bxb4 17. a3
Bf8 18. h4 Ne7 19. Bf4 Qb6 20. Kg2 Nf5 21. Bxf5 exf5 22. b4 $13 {1-0 Vetemaa,
J-Tuomala,T/Heart of Finland 1993 (48)}) 11... h5 12. h3 {It is very important
to keep the f5 square under control.} hxg4 13. hxg4 f6 (13... f5 $5 14. Ng5 $1
(14. g5 $6 Ng6 {[%csl Rg1]})) (13... Rc8 {Ftacnik} 14. b3 Qc7 15. Bd3 f6 $13)
14. Bd3 O-O-O {'?!' Ftacnik. Ftacnik: 'The mere mortals would be scared to
death to play this risky move against very dangerous attacker.'} (14... fxe5 {
Ftacnik} 15. Nxe5 Nxe5 16. dxe5 Nc6 17. Qe2 $13) 15. b4 $1 {Starting an attack
against the black king.} Nxd4 {'?' Ftacnik.} ({Worth of consideration was} 
15... f5 $5 {with big complications after, for example} 16. a4 (16. Ng5 Rh4)
16... fxg4 (16... Nxb4 $2 17. a5 $18) 17. Ng5 Nxd4 18. Be3 (18. a5 Qc7 19. Nxd4
Qxe5 $40 {[%csl Ge5,Rg1,Gh8]}) 18... Nf3+ (18... Nec6 19. Nxd4 Nxd4 20. Qxg4
$18) 19. Nxf3 Qc7 $132) (15... Nxb4 $2 {Ftacnik} 16. Rb1 Ba4 17. a3 (17. Rxb4
Qxb4 18. Nxb4 Bxd1 19. Rxd1 $16) 17... Nxc2 18. Rxb6 Nxd4 19. Bc2 Nxf3+ 20.
Qxf3 Bxc2 21. Qc3+ Kb8 22. exf6 gxf6 23. Rxe6 $18) (15... fxe5 {Ftacnik} 16.
dxe5 (16. b5 e4 $1 17. bxc6 Nxc6 $17) 16... a6 17. a4 $40) (15... Be8 $1 {
Ftacnik}) 16. Ncxd4 fxe5 17. Qe2 $5 {'!' Ftacnik.} ({Less clear is} 17. Bd2
exd4 18. Rc1+ Kb8 (18... Nc6 19. b5) 19. Bf4+ e5 $8 (19... Ka8 20. Bc7 $18) 20.
Nxe5 Ka8 $132) (17. b5 {Ftacnik} Kb8 18. Qa4 $40) 17... e4 (17... exd4 18. Bf4
$1 Nc6 (18... a6 19. Rac1+ Nc6 20. Qe5 $18) 19. b5 $18 (19. b5 {Ftacnik} Nb4
20. Rfc1+ Bc5 21. Rxc5+ $1 Qxc5 22. Qe5 $18 (22. Rc1 Qxc1+ 23. Bxc1 $18))) 18.
Bf4 $1 {'Preventing the King's escape into the corner.'} Ng6 (18... exd3 19.
Rac1+ Nc6 20. Qe5 Be8 21. Qb8+ (21. b5 $5) 21... Kd7 22. Rxc6 $1 {wins
immediately} bxc6 23. Ne5+ Ke7 24. Bg5# $1) (18... Nc6 {Ftacnik} 19. Nxc6 Bxc6
20. b5 e5 (20... exd3 21. Qxe6+ Bd7 22. Rac1+ Bc5 23. Qxd5 $18) 21. bxc6 exf4
22. Rfc1 Bc5 23. Rab1 Qxc6 24. Ne5 (24. Ba6 Kb8 25. Rxb7+ Ka8 26. Qb5 Qxb5 27.
Rxb5 Bb6 28. Ne5 $14) 24... Qh6 (24... exd3 25. Qb2 $18) 25. Rxc5+ Kb8 26. Bxe4
$1 dxe4 27. Rxb7+ Kxb7 28. Qxe4+ $18) 19. Rac1+ (19. Rfc1+ $5) 19... Bc6 20.
Bg3 {Keeps black's king in the dangerous zone.} Bd6 {'!' Ftacnik. Ftacnik:
'Relatively the best try in a very shaky position and Shirov truly fail to
choose the most crispy way of realizing his advantage.'} (20... exf3 $2 21.
Qxe6+ Rd7 22. Qe8+ Qd8 23. Rxc6+ $1 bxc6 24. Ba6+ {with quick mate.}) (20...
Bxb4 {Ftacnik} 21. Nxc6 (21. Bxe4 dxe4 22. Qxe4 Ne7 23. Qxe6+ Rd7 24. Nxc6 bxc6
25. Ne5 $18) 21... bxc6 22. Rxc6+ Qxc6 23. Ba6+ Kd7 24. Bb5 $18) 21. b5 $2 (21.
Bxe4 $1 dxe4 (21... Nf4 22. Bxf4 Bxf4 23. Bd3 $18) 22. Nxc6 bxc6 (22... Bxg3
23. Qxe4 $18) 23. Qxe4 Ne7 24. Qxe6+ Rd7 25. Bxd6 Rh6 26. Qxe7 Rxe7 27. Bxe7
$18) 21... Bxg3 22. fxg3 exf3 $2 (22... Ne5 $142 $1 23. Nxe5 (23. bxc6 Nxf3+
24. Rxf3 Qxd4+) (23. Kg2 $2 Nxd3) (23. Qe3 $2 Nxd3 24. bxc6 Nxc1 25. Rxc1 Rh6
$17) 23... Qxd4+ 24. Kg2 exd3 (24... Qxe5 25. bxc6) 25. Nxd3 Qe4+ 26. Qf3 $1 {
Ftacnik} (26. Qxe4 dxe4 27. Ne5 Rd5 {with reasonable counterplay} (27... Rd5
28. Ng6 Rd2+ 29. Kg1 Rhh2 30. Rf8+ $14)) 26... Rhf8 27. Nf4 (27. Qxe4 $2 dxe4
28. Rxf8 exd3+) 27... e5 28. Qxe4 dxe4 29. Ng6 Rd2+ 30. Kg1 Rf3 31. Rxf3 exf3
32. bxc6 e4 33. c7 $16) 23. Qe3 $1 Qc7 (23... e5 24. bxc6 Qxd4 25. Qxd4 exd4
26. Bxg6 $18) 24. Rxf3 Ne5 25. bxc6 $1 $18 {Ftacnik: 'Once again white is in
full control, black's king is the main reason for the defender's
insurmountable problems.'} Nxf3+ 26. Qxf3 {[%csl Gc1,Rc7,Rc8,Gd3,Gd4,Gf3][%cal
Rc1c8]} Qe5 (26... b6 27. Nxe6 Qd6 28. Ba6+ Kb8 29. c7+) 27. cxb7+ Kxb7 28. Nc6
(28. Nc6 Qd6 29. Qe3) 1-0

[Event "Lost Boys"]
[Site "Amsterdam"]
[Date "1999.08.14"]
[Round "2"]
[White "Timman, Jan H"]
[Black "Nikolic, Predrag"]
[Result "1/2-1/2"]
[WhiteElo "2650"]
[BlackElo "2641"]
[Annotator "Psakhis,L"]
[PlyCount "81"]
[EventDate "1999.08.13"]
[EventType "tourn"]
[EventRounds "7"]
[EventCountry "NED"]
[EventCategory "14"]
[SourceTitle "CBM 073"]
[Source "ChessBase"]
[SourceDate "1999.12.01"]
[SourceVersion "1"]
[SourceVersionDate "1999.12.01"]
[SourceQuality "1"]

1. e4 e6 2. d4 d5 3. e5 c5 4. c3 Bd7 5. Nf3 Nc6 6. Be2 Nge7 7. O-O Ng6 8. g3
Be7 9. h4 O-O 10. h5 Nh8 11. h6 (11. Bd3 cxd4 12. cxd4 Nb4 13. h6 g6 14. Nc3
Nxd3 15. Qxd3 f6 16. exf6 Bxf6 17. Nh2 Qb6 18. Be3 Nf7 $13 {1-0 Seul,
G-Lutzenberger,R/Bad Woerishofen op 1999 (39)}) 11... g6 12. dxc5 f6 $146 (
12... Bxc5 $5 13. c4 f6 $1 (13... dxc4 14. Nc3 Be7 15. Ne4 g5 16. Bxg5 Bxg5 17.
Nfxg5 Nxe5 18. f4 $16 {1-0 Gdanski,J-Przewoznik,J/Czestochowa ch-PL 1992 (27)})
14. cxd5 Nxe5 15. Qb3 Nxf3+ 16. Bxf3 e5 17. Nc3 Nf7 18. d6 Kh8 19. Qxb7 Rb8 (
19... Rc8 $1) 20. Qc7 Bxd6 21. Qxa7 $36 {1-0 Timman,J-Ljubojevic,L/Amsterdam
Lost Boys 1999 (35)}) 13. exf6 Bxc5 14. Bg5 $5 (14. c4 Qxf6 15. cxd5 Nd4 $132)
14... Nf7 15. Bh4 {[%csl Gf6,Rh4]} Qc7 {[%cal Gg6g5]} (15... Nxh6 $4 16. f7+
$18) 16. Qd2 Nce5 17. Nxe5 Qxe5 {[%csl Rh4][%cal Rg6g5] White still manage to
keep pawn on f6, but Black has better development, active pieces and
reasonable compensation for the pawn.} 18. Kh2 (18. Re1 $2 g5 19. Bb5 (19. Bh5
Qxf6) 19... Qxf6 20. Bxd7 gxh4 21. Rxe6 Qf3 $1 $19) 18... Rae8 (18... g5 19. f4
$1) 19. Na3 (19. f4 Qc7 {[%csl Rh6]} 20. Bg5 e5 $1) 19... Bxa3 20. bxa3 {
[%csl Ra2,Ra3,Rc3]} Bc6 21. f4 Qd6 {[%csl Rh6]} 22. g4 $5 (22. Bg5 e5 $5) 22...
e5 (22... Nxh6 23. Bg3) 23. Bg3 $5 (23. g5 exf4 24. Bf3 Re3 {[%csl Ge3,Gf7,Rg5,
Rh2]}) 23... Qxf6 (23... e4 $5 24. g5 Qxa3 25. f5 $132 {leads to unclear
consequences}) 24. fxe5 Qe7 25. Bf3 Nxe5 26. Bxd5+ Bxd5 27. Qxd5+ Qe6 (27...
Nf7 $5 28. Rae1 Qd8) 28. Rxf8+ Kxf8 29. Rf1+ Kg8 30. Qxe6+ Rxe6 {[%csl Ra2,Ra3,
Rc3,Rg4,Rh6]} 31. Bxe5 (31. g5 Nf7 32. Bf4 Re2+ 33. Kg3 Rxa2 34. Re1 Kf8) 31...
Rxe5 32. Kg3 Rc5 $11 {Black hasn,t serious troubles in rook ending.} 33. Rf3 g5
$1 34. a4 Rc6 35. Rf5 Rxc3+ 36. Kf2 Rc6 37. Rxg5+ Kh8 38. Ra5 Rxh6 39. Rxa7 Ra6
$1 40. Rxa6 bxa6 41. Ke3 (41. Ke3 Kg7 42. Kd4 Kg6 43. Ke4 $11 (43. Kc5 $2 Kg5
44. Kb6 Kxg4 45. Kxa6 h5 46. a5 h4 47. Kb7 h3 48. a6 h2 49. a7 h1=Q+ $19))
1/2-1/2